Leader xxxxxxxxxx
001 __ PCLIS00032534
005 __ 20210728154539.0
010 0_ |b平裝|dNT$240
100 __ |a20030514d1987 m y1chiy09 e
101 1_ |achi|cjpn
102 __ |atw
105 __ |ay z 000ay
200 1_ |a迷走地圖|f松本清張著|g劉華亭譯
205 __ |a初版
210 __ |a臺北市|c星光|d民76[1987]
215 0_ |a592面|d21公分
225 1_ |a雙子星叢書|v456
330 __ |a在保守黨派閥的激烈抗爭中,年輕議員以村為求人財兩得,將高級俱樂部老闆娘織部佐登子列為狩獵的目標,亟欲染指。另外,因政權禪讓而成為下任總理的寺西議員,他的秘書外浦卓郎辭職前往南美,在臨行前,將保險箱的鑰匙交給土井保管。而突然接到外浦訃聞的土井,打開保險箱一窺究竟——早就應已焚毀的一疊信紙竟然掀起了令人疑惑的波瀾,搖撼了政界。此書揭開位居日本心臟地帶永田町的黑幕,描述秘書、司機、院內報記者、代筆業者在議員陰影下蠕動的人生百態。
454 _1 |12001 |a迷走地図
606 __ |2cst|a長篇小說
681 __ |a861.57|b8343
700 _1 |a松本|b清張|f1909-1992|4著
702 _1 |a劉|b華亭|4譯
801 _0 |atw|b內湖高中|c20030514
802 _2 |atw|b內湖高中|c20210728|gCCR
|